| 000 | 00683nam a2200229 a 4500 | ||
|---|---|---|---|
| 001 | BRCA_7956 | ||
| 005 | 20190320210053.0 | ||
| 008 | 100314s1969----enka###f##---#000-0#eng-# | ||
| 041 | _aeng | ||
| 044 | _aenk | ||
| 050 | 4 |
_aNK4087 _b.L58 _c1969 |
|
| 100 | 1 |
_aLittle, W. L. _919711 |
|
| 245 | 1 | 0 |
_aStaffordshire blue _bunderglaze blue transfer-printed earthenware _cW. L. Little. |
| 260 |
_aLondres _bB. T. Batsford _c1969 |
||
| 300 |
_a160 p. _bil., 119 láminas _c25 cm. |
||
| 500 | _a3116 | ||
| 504 | _aBibliografía p.7-8 | ||
| 650 | 1 | 4 |
_aCerámicas _vTécnicas regionales _zInglaterra _919712 |
| 650 | 1 | 4 |
_aCerámicas _vMarcas _zInglaterra _919713 |
| 902 | _aGFM | ||
| 942 |
_2lcc _cB |
||
| 999 |
_c7625 _d7625 |
||